Human welfare and technological Innovation : The objectives and Functions of Technological Innovation
Enregistré dans:
| Collectivité auteur: | |
|---|---|
| Format: | Livre |
| Langue: | Undetermined |
| Publié: |
Tokyo
Japan Economic Resarch Center
1973
|
| Sujets: | |
| Tags: |
Ajouter un tag
Pas de tags, Soyez le premier à ajouter un tag!
|
| Thư viện lưu trữ: | Trung tâm Học liệu Trường Đại học Cần Thơ |
|---|
| LEADER | 00646nam a2200205Ia 4500 | ||
|---|---|---|---|
| 001 | CTU_94157 | ||
| 008 | 210402s9999 xx 000 0 und d | ||
| 082 | |a 361 | ||
| 082 | |b I.59 | ||
| 110 | |a Institute for Future Technology | ||
| 245 | 0 | |a Human welfare and technological Innovation : | |
| 245 | 4 | |b The objectives and Functions of Technological Innovation | |
| 245 | 0 | |c Institute for Future Technology | |
| 260 | |a Tokyo | ||
| 260 | |b Japan Economic Resarch Center | ||
| 260 | |c 1973 | ||
| 650 | |a Public welfare,Technological innovations. | ||
| 650 | |z Japan | ||
| 904 | |i Năm | ||
| 980 | |a Trung tâm Học liệu Trường Đại học Cần Thơ | ||